[Event "Rohde op 06th"]
[Site "Sautron"]
[Date "2006.10.29"]
[Round "2"]
[White "Chatalbashev, Boris"]
[Black "Ivanov, Jordan"]
[Result "1/2-1/2"]
[WhiteElo "2534"]
[BlackElo "2370"]
[Annotator "RR"]
[PlyCount "49"]
[EventDate "2006.10.28"]
[EventType "swiss"]
[EventRounds "9"]
[EventCountry "FRA"]
[SourceTitle "EXT 2007"]
[Source "ChessBase"]
[SourceDate "2006.11.23"]
[SourceVersion "1"]
[SourceVersionDate "2006.11.23"]
[SourceQuality "1"]

1. d4 {Je conduisais le GMI au début du tournoi pour aller а la salle et il
disait être assez ennuyé par cet appariement. En effet, il a joué beaucoup de
parties contre son ami IVANOV.} d5 2. c4 dxc4 3. Nf3 Nf6 4. e3 e6 5. Bxc4 c5 (
5... a6) 6. Qe2 {Une idée du GMI FURMAN pour éviter les échanges de Q après
dc5 et préparer la poussée rapide "e4e5"} (6. O-O a6 7. dxc5 Qxd1 8. Rxd1 Bxc5
9. Nbd2 {Kramnik,V (2770)-Kasparov,G (2849) BGN World Chess Championship 2000 
(4) 1/2}) 6... a6 7. dxc5 {Même si les finales avec échanges de dames et dc5
ont gagné en popularité ces dernières années а la suite notamment des bons
résultats de KRAMNIK, la variante FURMAN est plus ambitieuse en préférant
jouer un milieu de jeu assez risqué а une finale légèrement avantageuse pour
les blancs.} Bxc5 8. O-O (8. e4 {l'idée principale de la variante FURMAN pour
gagner de l'espace au centre} Qc7 (8... b5) 9. e5 Ng4 10. O-O Nxf2 $5 11. Nc3 (
11. Rxf2 Bxf2+ 12. Kxf2 b5 13. Bb3 Qxc1 $17)) 8... Nc6 9. e4 b5 10. Bb3 Nd4 (
10... e5 11. Be3 Bxe3 (11... Qb6 12. Nc3 Bxe3 13. fxe3 $13 {[%csl Re3]}) 12.
Qxe3 O-O 13. Nbd2) 11. Nxd4 Qxd4 12. Be3 $1 ({RR} 12. Nc3 Qe5 {[%csl Gh2][%cal
Gc5d6,Gf6g4]} ({RR} 12... O-O 13. Be3 Qe5 14. Bxc5 Qxc5 15. Rac1 Qh5 16. Qxh5
Nxh5 17. Rfd1 Bb7 18. f3 Rfd8 19. Kf2 Nf4) 13. Be3 ({RR} 13. Kh1 Bb7 ({RR} 
13... b4) ({RR} 13... Qh5 14. f3 Bb7 15. e5 Nd7 16. Bf4 Qh4 17. Bg3 Qe7 18. f4
g6 19. Bc2 O-O 20. Be4) 14. f3 ({RR} 14. f4 Qh5 15. Qxh5 Nxh5 16. f5 e5 17. Bd5
Rb8 18. Bxb7 Rxb7 19. Nd5 Bd4 20. Bg5 h6 21. Rac1 O-O 22. g4 hxg5) 14... O-O
15. Be3 Bxe3 16. Qxe3 Nd5 17. Nxd5 Bxd5 18. Rfd1 Bxb3) 13... Bxe3 14. Qxe3 Ng4
$11 {[%csl Rh2][%cal Ce3h3,Ch3g4,Ge5h2,Gg4h2]} 15. Qg3 ({RR} 15. Qh3 h5 16.
Rae1 Bb7 17. Qg3 Qxg3 18. hxg3 Ne5 19. f4 Nd3 20. Re3 Nc5) 15... Qxg3 16. hxg3
Bb7 ({RR} 16... Ke7 17. Rac1 Bd7 ({RR} 17... Rd8 18. Rfd1 Rxd1+ 19. Nxd1) 18.
Ne2 Rac8 19. Rfd1 Rhd8 20. a3 Be8) 17. f3 Ne5 18. Rfd1 Ke7 19. Kf2 h5 20. Rd4
Rad8 21. Rad1 Rxd4 22. Rxd4 h4 23. gxh4 Rxh4 24. Rd1 g5) 12... Qe5 ({RR} 12...
Qxe4 $143 {Le gain du P apparait trop risqué pour les noirs} 13. Nd2 Qf5 14. g4
$1 Qe5 ({RR} 14... Nxg4 15. Bxc5 Bb7 16. Rfe1 Rd8 17. Nf1 ({RR} 17. Rad1)) 15.
Nf3 Qe4 16. Ng5 Qc6 17. Rac1 Bb7 18. f3 Bxe3+ 19. Qxe3 Qd6 20. Nxe6 fxe6 21.
Bxe6 Kf8 22. Rfd1 Qe7 23. g5 Re8 24. gxf6 gxf6 25. Qh6+ ({RR} 25. Re1 Rg8+ 26.
Kf2)) 13. Bxc5 Qxc5 14. Nc3 ({RR} 14. e5 Nd7 15. Re1 ({RR} 15. Qe4 Rb8 16. Re1
Bb7 17. Qf4 O-O 18. Nd2 Rbc8 19. Ne4 Bxe4 20. Qxe4 Rfd8 21. Re2 a5 22. Bc2 g6
23. Bd3 b4 24. Qf4 Nb6 25. Rc2 Qd4 26. Qxd4 Rxd4 27. Rxc8+ Nxc8 28. Ba6 Nb6 29.
Kf1 Rd2 {Rubel,J (2065)-Donchenko,A (2459)/Bad Homburg 2005/EXT 2006/0-1 (38)})
15... Bb7 16. Nd2 ({RR} 16. Nc3 b4 ({RR} 16... O-O 17. Rad1 Rfd8) 17. Na4 Qb5
18. Rac1 Qxe2 19. Rxe2 Ke7 20. Rec2 Rhc8 21. Nc5) 16... O-O 17. Rac1 Qb6) 14...
Bb7 15. Rad1 ({RR} 15. Rac1 Rc8 16. Qd2 ({RR} 16. Bc2 e5 17. Rfd1 O-O) ({RR} 
16. Rc2 Qh5 ({RR} 16... Qe5 17. f4 Qd4+ 18. Kh1 O-O 19. Rd1 Qb4 20. e5 Ne4) 17.
Qxh5 Nxh5) 16... Qb4 17. Rfd1 ({RR} 17. e5 Nd7 18. Rfd1 Nc5 ({RR} 18... Nxe5
19. f4) 19. Bc2 O-O 20. Nd5 Qxd2 21. Ne7+ Kh8 22. Rxd2 Rc7 23. Bd1 Rxe7 24.
Rxc5) 17... O-O 18. f3 ({RR} 18. e5 Ne4 ({RR} 18... Nd5 19. Bxd5 Bxd5 20. a3
Qb3 21. Nxd5 exd5 22. h3 h6) 19. Qf4 a5 20. Nxe4 Qxe4 21. Qxe4 Bxe4) 18... Rc7
19. Ne2 ({RR} 19. e5 Nd7 20. Qd6 Qc5+) 19... Qxd2 20. Rxd2 Rxc1+ 21. Nxc1 Rc8
22. Rc2 Nd7 23. Nd3 Kf8 24. Kf2 Ke7 25. Rxc8 Bxc8 26. e5 f6 27. exf6+ ({RR} 27.
f4 Bb7) 27... gxf6 28. f4 a5 29. Ke3 h6 {Radjabov,T (2624)-Kasparov,G (2847)/
Linares 2003/CBM 094/[Huzman]/1/2-1/2 (39)}) 15... O-O ({RR} 15... b4 16. Na4
Qb5 17. Qe3 O-O 18. Nc5 $14 {[%csl Gc5];Miniboeck,G (2351)-Brod,M (2266)
AUT-chT2O 0506 (8) 1/2}) ({RR} 15... Qe5 16. f4 Qc5+ 17. Kh1 b4 18. Na4 ({RR} 
18. e5 bxc3 19. exf6 gxf6 20. Ba4+ Kf8 21. bxc3 Rg8) 18... Qb5 19. Qe3 O-O 20.
Nc5) 16. e5 Qc6 17. f3 ({RR} 17. f4 Nd7 18. Rd6) 17... Nd7 18. Kh1 Nc5 19. Bc2
{[%csl Rh7]} b4 20. Ne4 Nxe4 21. Bxe4 Qc7 22. Rd6 (22. Rc1 Qe7 23. Bxb7 Qxb7
24. f4) 22... Bxe4 23. Qxe4 Qa5 24. Rfd1 h6 25. h3 {Finalement, la partie a
été disputée et c'est loin d'être une nulle de salon.} 1/2-1/2

[Event "Hoogovens"]
[Site "Wijk aan Zee"]
[Date "1991.01.??"]
[Round "9"]
[White "Salov, Valery"]
[Black "Chernin, Alexander"]
[Result "1/2-1/2"]
[WhiteElo "2645"]
[BlackElo "2610"]
[Annotator "Salov,V"]
[PlyCount "97"]
[EventDate "1991.01.??"]
[EventType "tourn"]
[EventRounds "13"]
[EventCountry "NED"]
[EventCategory "14"]
[SourceTitle "CBM 022"]
[Source "ChessBase"]
[SourceDate "1991.06.01"]
[SourceVersion "1"]
[SourceVersionDate "1991.06.01"]
[SourceQuality "1"]

1. Nf3 d5 2. c4 dxc4 3. e3 e6 4. Bxc4 Nf6 5. d4 a6 6. O-O c5 7. Qe2 b5 8. Bb3
Bb7 9. Rd1 Nbd7 10. Nc3 Qc7 11. e4 cxd4 12. Nxd4 Nc5 $5 (12... Be7 13. Bg5 b4
14. Na4 Qe5 15. Bxf6 Nxf6 16. Nb6 Rd8 17. Ba4+ Kf8 18. Bc6 Qc7 19. Bxb7 Qxb7
$14 {Smyslov-Keres,Budapest(ct)1950}) 13. Be3 (13. e5 Nfd7 14. Bf4 b4 $1 (14...
Nxb3 15. axb3 Bc5 16. Rac1 Qb6 17. Be3 Nxe5 18. b4 $1 {Ribli}) 15. Na4 Nxb3 16.
axb3 Bd5 17. Rac1 Qb7 18. h4 Be7 19. Qg4 g6 $132 {Levitt-Chernin,Moscow-A 1988}
) 13... Be7 14. Rac1 O-O 15. f3 (15. Bc2 $5 {/\ 16.a3}) 15... Rac8 16. Bc2 Rfd8
17. a3 Qb8 18. Nb3 Nxb3 19. Bxb3 Bd6 20. g3 Be5 21. Rxd8+ Rxd8 22. Rd1 h5 (
22... Rc8 $5 23. Bd4 Nd7 $10) 23. Rxd8+ Qxd8 24. Qd2 Qc7 (24... Qxd2 $1 25.
Bxd2 Bd4+ 26. Kg2 Nd7 $10) 25. Ne2 Nd7 26. Bf4 $1 $14 Qc6 27. Kg2 Bxf4 28. Nxf4
g6 29. Bxe6 $4 {white takes unnecessary risk in the better position} (29. Nd3
$14) 29... fxe6 30. Nxg6 Kf7 $8 (30... Kg7 31. Qg5 $40) (30... Kh7 31. Ne7 $1 (
31. Qxd7+ Kxg6 $1) 31... Qc7 32. Qg5 Qc2+ 33. Kh3 Bxe4 34. Qg8+ Kh6 35. Qxe6+
$18) 31. Qh6 Qc2+ 32. Kh3 Bxe4 $2 $138 (32... Qxb2 $1 33. e5 Qxa3 $22 34. Qxh5
Bxf3 $1) 33. Nh8+ Ke7 $8 (33... Kg8 $2 34. Qxe6+ Kxh8 35. Qe8+ $1 Kg7 36. Qxd7+
Kh6 37. fxe4 $16) 34. Qg5+ Kd6 35. Nf7+ Kc6 36. Nd8+ Kb6 $8 (36... Kc7 37. fxe4
Qxe4 38. Qf4+ Qxf4 39. Nxe6+ $16) 37. Qe3+ Kc7 38. Nxe6+ Kd6 39. Nd4 Bf5+ 40.
g4 Bxg4+ $1 (40... hxg4+ 41. Kg3 $1 Qd3 42. Qf4+) 41. fxg4 hxg4+ 42. Kxg4 Qxh2
43. Qe6+ Kc7 44. Qc6+ Kd8 45. Qa8+ Kc7 46. Qa7+ Kd8 47. Nc6+ Kc8 (47... Ke8 $4
48. Qe3+ $18) 48. Ne7+ Kd8 49. Nc6+ 1/2-1/2

[Event "St Petersburg op"]
[Site "St Petersburg"]
[Date "1995.??.??"]
[Round "9"]
[White "Gleizerov, Evgeny"]
[Black "Vulfson, Vladimir"]
[Result "0-1"]
[WhiteElo "2545"]
[BlackElo "2435"]
[Annotator "Shipov,S"]
[PlyCount "76"]
[EventDate "1995.05.??"]
[EventType "swiss"]
[EventRounds "9"]
[EventCountry "RUS"]
[SourceTitle "CBM 046 Extra"]
[Source "ChessBase"]
[SourceDate "1995.07.01"]
[SourceVersion "1"]
[SourceVersionDate "1995.07.01"]
[SourceQuality "1"]

1. d4 d5 2. c4 dxc4 3. e3 Nf6 4. Bxc4 e6 5. Nf3 c5 6. Qe2 a6 7. dxc5 Bxc5 8.
O-O Nc6 9. e4 (9. a3) (9. Nbd2) 9... b5 (9... e5 $2 10. Bxf7+) (9... Qc7 10. e5
Ng4 (10... Nd7 11. Bf4 Nd4 12. Nxd4 Bxd4 13. Rd1 Bxb2 14. Qxb2 Qxc4 15. Rd4 Qb5
16. Qd2 O-O 17. Na3 $1 Qc5 18. Nc4 $36 {Zlotnik,B-Westerinrn,H/Ceuta/1993/})
11. Bf4 f6 12. Nbd2 Ngxe5 13. Nxe5 fxe5 14. Bg3 O-O 15. Rac1 Qe7 16. Nf3 (16.
Bd3 $5 $14 Nd4) 16... Nd4 17. Nxd4 exd4 18. Qe4 $1 $14 {Gleizerov,E-Savchenko,
S/Alushta/1993/}) 10. Bb3 (10. Bd3 $1 Nb4 $1 $15) (10. e5 bxc4 11. exf6 Qd3 12.
fxg7 Rg8 13. Qxd3 cxd3 14. Bh6 Nd4 $10) 10... Bb7 $6 (10... e5 $32 11. Be3 (11.
Bg5 Nd4 12. Nxd4 Bxd4 13. Nc3 h6 14. Be3 (14. Bh4 $5 g5 15. Bg3 h5 $1) 14...
Bg4 15. f3 Be6 16. Rfd1 Bxe3+ 17. Qxe3 Qe7 $10) 11... Qb6 12. Nc3 Bxe3 13. fxe3
O-O 14. Nd5 Nxd5 15. exd5 Na5 16. Nxe5 Nxb3 17. axb3 f6 $44 {Nogueiras,
J-Spragett,K/Szirak/1986/}) 11. e5 Nd7 (11... Nd5 $5 12. Rd1 Qb6 $1) 12. Bf4 (
12. Nc3 Qc7 13. Bf4 Na5 (13... Ne7 14. Ne4 $14 (14. Bc2 Rc8 15. Be4)) 14. Bc2
Rc8 15. Be4 Nc4 16. Rad1 $14 {Vera,R-Espinoza,R/Mexiko/1989/}) 12... g5 $5 13.
Nxg5 $1 (13. Bxg5 Qc7 (13... Nd4 14. Nxd4 Qxg5 15. Nf3 Qg4 $1) 14. Bf4 Rg8 $1 (
14... Nd4 15. Nxd4 Bxd4 16. Nd2 $13) 15. Bg3 $8 Ncxe5 $1) 13... Rg8 $1 (13...
Ncxe5 $2 14. Nxe6 $18) 14. Qh5 (14. Nf3 $2 Nd4) (14. h4 h6 15. Nxe6 Nd4 $19)
14... Ncxe5 15. Bxe6 (15. Nc3 $2 Qf6 16. Bxe5 (16. g3 $2 Rxg5 $19) 16... Qxg5
17. Qxg5 Rxg5 18. Bg3 h5 $1 $17) 15... Qf6 16. Bxd7+ $8 Nxd7 17. Re1+ (17. g3
O-O-O $1 18. Nc3 Rxg5 19. Qxg5 Qc6 20. Nd5 Qxd5 $17) 17... Be7 $8 18. g3 Rc8 $1
(18... h6 19. Ne4 Bxe4 20. Rxe4 Qxb2 21. Qd5 Rc8 22. Bd6 $18) 19. Nc3 Rc5 20.
Nce4 (20. h4 h6 $13) 20... Bxe4 21. Rxe4 Rcxg5 22. Bxg5 Rxg5 (22... Qxg5 23.
Qxg5 Rxg5 24. Rae1 $18) 23. Qxh7 $6 (23. Qe2 Nc5 $1 $10) 23... Nf8 $1 24. Qh3
Ne6 25. Rd1 (25. Rae1 $32 Rf5 26. f4 $1) 25... Bc5 (25... Qxb2 $5 $15) 26. Rd2
Rd5 $1 27. Rde2 (27. Ree2 Qxf2+ 28. Rxf2 Rxd2 $19) 27... Rf5 $1 28. Qg2 $8 Kf8
$17 29. Rh4 Rf3 $1 30. Rd2 Qf5 31. Qf1 Ng5 $1 32. Kg2 Ne4 33. Rc2 Be7 (33...
Bxf2 34. Rxe4 $1 Qxe4 35. Rxf2 $10) (33... Bb6 34. Qe1 $1 $132) 34. Rh8+ Kg7
35. Re8 Ng5 36. Re2 (36. Rxe7 Qxc2 37. h4 Qc6 $19) 36... Bc5 $19 37. R8e5 Qh3+
38. Kg1 Rxg3+ $1 0-1